Agrarian land law in the Western world (Record no. 94074)

MARC details
000 -LEADER
fixed length control field 01712cam a2200553 4500
008 - FIXED-LENGTH DATA ELEMENTS--GENERAL INFORMATION
fixed length control field 090401t1992 xxu||||| |||| 00| 0 eng d
020 ## - INTERNATIONAL STANDARD BOOK NUMBER
International Standard Book Number 0851987273
035 ## - SYSTEM CONTROL NUMBER
System control number (Sirsi) u58520
041 ## - LANGUAGE CODE
Language code of text/sound track or separate title eng
050 ## - LIBRARY OF CONGRESS CALL NUMBER
Classification number 630.026
-- 18
090 ## - LOCALLY ASSIGNED LC-TYPE CALL NUMBER (OCLC); LOCAL CALL NUMBER (RLIN)
Classification number (OCLC) (R) ; Classification number, CALL (RLIN) (NR) 630.026
245 ## - TITLE STATEMENT
Title Agrarian land law in the Western world
Remainder of title essays about agrarian land policy and regulation in twelve countries of the Western world
260 ## - PUBLICATION, DISTRIBUTION, ETC.
Place of publication, distribution, etc. Wallingford
Name of publisher, distributor, etc. CAB International
Date of publication, distribution, etc. 1992
300 ## - PHYSICAL DESCRIPTION
Extent xvi, 280p.
Dimensions 24cm.
350 ## - PRICE (NR) (BK AM CF MU VM SE) [OBSOLETE]
Price 0
520 ## - SUMMARY, ETC.
Summary, etc. Fourteen essays on the law relating to to agricultural, forest and other rural lands in the EC, Belgium, Denmark, France, Germany, Italy, the Netherlands, Norway, the UK, the USA, Canada, Australia and New Zealand.
650 ## - SUBJECT ADDED ENTRY--TOPICAL TERM
Topical term or geographic name entry element EUROPEAN COMMUNITY
650 ## - SUBJECT ADDED ENTRY--TOPICAL TERM
Topical term or geographic name entry element FRANCE
650 ## - SUBJECT ADDED ENTRY--TOPICAL TERM
Topical term or geographic name entry element FEDERAL REPUBLIC OF GERMANY
650 ## - SUBJECT ADDED ENTRY--TOPICAL TERM
Topical term or geographic name entry element ITALY
650 ## - SUBJECT ADDED ENTRY--TOPICAL TERM
Topical term or geographic name entry element NETHERLANDS
650 ## - SUBJECT ADDED ENTRY--TOPICAL TERM
Topical term or geographic name entry element NEW ZEALAND
650 ## - SUBJECT ADDED ENTRY--TOPICAL TERM
Topical term or geographic name entry element NORWAY
650 ## - SUBJECT ADDED ENTRY--TOPICAL TERM
Topical term or geographic name entry element UNITED KINGDOM
650 ## - SUBJECT ADDED ENTRY--TOPICAL TERM
Topical term or geographic name entry element UNITED STATES
650 ## - SUBJECT ADDED ENTRY--TOPICAL TERM
Topical term or geographic name entry element AUSTRALIA
650 ## - SUBJECT ADDED ENTRY--TOPICAL TERM
Topical term or geographic name entry element BELGIUM
650 ## - SUBJECT ADDED ENTRY--TOPICAL TERM
Topical term or geographic name entry element DENMARK
650 ## - SUBJECT ADDED ENTRY--TOPICAL TERM
Topical term or geographic name entry element CANADA
690 ## - LOCAL SUBJECT ADDED ENTRY--TOPICAL TERM (OCLC, RLIN)
Topical term or geographic name as entry element PROPERTY-RURAL AND NATURAL ASSETS
700 ## - ADDED ENTRY--PERSONAL NAME
Personal name Grossman, Margaret Rosso
International Standard Serial Number Editor
700 ## - ADDED ENTRY--PERSONAL NAME
Personal name Brussaard, Wim
International Standard Serial Number Editor
700 ## - ADDED ENTRY--PERSONAL NAME
Personal name Velde, Menno van der
700 ## - ADDED ENTRY--PERSONAL NAME
Personal name Snyder, Francis
700 ## - ADDED ENTRY--PERSONAL NAME
Personal name Gotzen, Rudi
700 ## - ADDED ENTRY--PERSONAL NAME
Personal name Wulff, Helge
700 ## - ADDED ENTRY--PERSONAL NAME
Personal name Lorvellec, Louis
700 ## - ADDED ENTRY--PERSONAL NAME
Personal name Winkler, Wolfgang
700 ## - ADDED ENTRY--PERSONAL NAME
Personal name Porru, Paola
700 ## - ADDED ENTRY--PERSONAL NAME
Personal name Torgier, Austena
700 ## - ADDED ENTRY--PERSONAL NAME
Personal name Rodgers, Christopher P.
700 ## - ADDED ENTRY--PERSONAL NAME
Personal name Dombek, Carl F.
700 ## - ADDED ENTRY--PERSONAL NAME
Personal name Button, Cynthia
700 ## - ADDED ENTRY--PERSONAL NAME
Personal name Boer, Ben
700 ## - ADDED ENTRY--PERSONAL NAME
Personal name Slatter, Michele
700 ## - ADDED ENTRY--PERSONAL NAME
Personal name Round, David
942 ## - ADDED ENTRY ELEMENTS (KOHA)
Suppress in OPAC 0
948 ## - LOCAL PROCESSING INFORMATION (OCLC); SERIES PART DESIGNATOR (RLIN)
c (OCLC) 04/03/1997
Holdings
Withdrawn status Lost status Source of classification or shelving scheme Damaged status Not for loan Home library Current library Shelving location Date acquired Total Checkouts Full call number Barcode Date last seen Copy number Price effective from Koha item type
    Dewey Decimal Classification     London London Books 22/02/1993   630.026 GRO 30038097 06/08/2019 1 06/08/2019 Book